<?xml version="1.0" encoding="UTF-8"?>
<record
    xmlns:xsi="http://www.w3.org/2001/XMLSchema-instance"
    xsi:schemaLocation="http://www.loc.gov/MARC21/slim http://www.loc.gov/standards/marcxml/schema/MARC21slim.xsd"
    xmlns="http://www.loc.gov/MARC21/slim">

  <leader>00265nas a2200109Ia 4500</leader>
  <controlfield tag="008">140107s9999    xx            000 0 und d</controlfield>
  <datafield tag="040" ind1=" " ind2=" ">
    <subfield code="a">Loreto College</subfield>
  </datafield>
  <datafield tag="041" ind1=" " ind2=" ">
    <subfield code="a">English</subfield>
  </datafield>
  <datafield tag="245" ind1=" " ind2=" ">
    <subfield code="a">Panchayati Raj Update</subfield>
  </datafield>
  <datafield tag="260" ind1=" " ind2=" ">
    <subfield code="b">Institute of Social Sciences</subfield>
  </datafield>
  <datafield tag="942" ind1=" " ind2=" ">
    <subfield code="c">BV</subfield>
  </datafield>
  <datafield tag="999" ind1=" " ind2=" ">
    <subfield code="c">38921</subfield>
    <subfield code="d">89400</subfield>
  </datafield>
  <datafield tag="952" ind1=" " ind2=" ">
    <subfield code="0">0</subfield>
    <subfield code="1">0</subfield>
    <subfield code="4">0</subfield>
    <subfield code="7">0</subfield>
    <subfield code="a">MAIN</subfield>
    <subfield code="b">MAIN</subfield>
    <subfield code="d">2014-01-13</subfield>
    <subfield code="h">7 (1-12); 1 January 2000 - 31 December 2000  [No.4,5,10]</subfield>
    <subfield code="i">7 (1-12); 2000</subfield>
    <subfield code="l">0</subfield>
    <subfield code="o">PRU</subfield>
    <subfield code="p">BV598</subfield>
    <subfield code="r">2014-01-13</subfield>
    <subfield code="w">2014-01-13</subfield>
    <subfield code="y">BV</subfield>
  </datafield>
  <datafield tag="952" ind1=" " ind2=" ">
    <subfield code="0">0</subfield>
    <subfield code="1">0</subfield>
    <subfield code="4">0</subfield>
    <subfield code="7">0</subfield>
    <subfield code="a">MAIN</subfield>
    <subfield code="b">MAIN</subfield>
    <subfield code="d">2014-01-13</subfield>
    <subfield code="h">10 (1-12); 1 January 2003 - 31 December 2003  [No.4,5,6,10]</subfield>
    <subfield code="i">10 (1-12); 2003</subfield>
    <subfield code="l">0</subfield>
    <subfield code="o">PRU</subfield>
    <subfield code="p">BV601</subfield>
    <subfield code="r">2014-01-13</subfield>
    <subfield code="w">2014-01-13</subfield>
    <subfield code="y">BV</subfield>
  </datafield>
  <datafield tag="952" ind1=" " ind2=" ">
    <subfield code="0">0</subfield>
    <subfield code="1">0</subfield>
    <subfield code="4">0</subfield>
    <subfield code="7">0</subfield>
    <subfield code="a">MAIN</subfield>
    <subfield code="b">MAIN</subfield>
    <subfield code="d">2014-01-13</subfield>
    <subfield code="h"> (44-62); 1 August 1997 - 31 December 1999  [No.50,53]</subfield>
    <subfield code="i"> (44-62); 1997</subfield>
    <subfield code="l">0</subfield>
    <subfield code="o">PRU</subfield>
    <subfield code="p">BV596</subfield>
    <subfield code="r">2014-01-13</subfield>
    <subfield code="w">2014-01-13</subfield>
    <subfield code="y">BV</subfield>
  </datafield>
  <datafield tag="952" ind1=" " ind2=" ">
    <subfield code="0">0</subfield>
    <subfield code="1">0</subfield>
    <subfield code="2">ddc</subfield>
    <subfield code="4">0</subfield>
    <subfield code="7">0</subfield>
    <subfield code="a">MAIN</subfield>
    <subfield code="b">MAIN</subfield>
    <subfield code="d">2014-01-13</subfield>
    <subfield code="h"> (50-67) 6 (8-11); 1 February 1998 - 30 November 1999  </subfield>
    <subfield code="i"> (50-67) 6 (8-11); 1998</subfield>
    <subfield code="l">0</subfield>
    <subfield code="o">PRU</subfield>
    <subfield code="p">BV597</subfield>
    <subfield code="r">2014-01-13</subfield>
    <subfield code="w">2014-01-13</subfield>
    <subfield code="y">BV</subfield>
  </datafield>
  <datafield tag="952" ind1=" " ind2=" ">
    <subfield code="0">0</subfield>
    <subfield code="1">0</subfield>
    <subfield code="4">0</subfield>
    <subfield code="7">0</subfield>
    <subfield code="a">MAIN</subfield>
    <subfield code="b">MAIN</subfield>
    <subfield code="d">2014-01-13</subfield>
    <subfield code="h">11 (1-12); 1 January 2004 - 31 December 2004  [No.8,9]</subfield>
    <subfield code="i">11 (1-12); 2004</subfield>
    <subfield code="l">0</subfield>
    <subfield code="o">PRU</subfield>
    <subfield code="p">BV602</subfield>
    <subfield code="r">2014-01-13</subfield>
    <subfield code="w">2014-01-13</subfield>
    <subfield code="y">BV</subfield>
  </datafield>
  <datafield tag="952" ind1=" " ind2=" ">
    <subfield code="0">0</subfield>
    <subfield code="1">0</subfield>
    <subfield code="4">0</subfield>
    <subfield code="7">0</subfield>
    <subfield code="a">MAIN</subfield>
    <subfield code="b">MAIN</subfield>
    <subfield code="d">2014-01-13</subfield>
    <subfield code="h">8 (1-12); 1 January 2001 - 31 December 2001</subfield>
    <subfield code="i">8 (1-12); 2001</subfield>
    <subfield code="l">0</subfield>
    <subfield code="o">PRU</subfield>
    <subfield code="p">BV599</subfield>
    <subfield code="r">2014-01-13</subfield>
    <subfield code="w">2014-01-13</subfield>
    <subfield code="y">BV</subfield>
  </datafield>
  <datafield tag="952" ind1=" " ind2=" ">
    <subfield code="0">0</subfield>
    <subfield code="1">0</subfield>
    <subfield code="4">0</subfield>
    <subfield code="7">0</subfield>
    <subfield code="a">MAIN</subfield>
    <subfield code="b">MAIN</subfield>
    <subfield code="d">2014-01-13</subfield>
    <subfield code="h">9 (1-12); 1 January 2002 - 31 December 2002</subfield>
    <subfield code="i">9 (1-12); 2002</subfield>
    <subfield code="l">0</subfield>
    <subfield code="o">PRU</subfield>
    <subfield code="p">BV600</subfield>
    <subfield code="r">2014-01-13</subfield>
    <subfield code="w">2014-01-13</subfield>
    <subfield code="y">BV</subfield>
  </datafield>
  <datafield tag="952" ind1=" " ind2=" ">
    <subfield code="0">0</subfield>
    <subfield code="1">0</subfield>
    <subfield code="4">0</subfield>
    <subfield code="7">0</subfield>
    <subfield code="a">MAIN</subfield>
    <subfield code="b">MAIN</subfield>
    <subfield code="d">2014-01-13</subfield>
    <subfield code="h">12 (1-12); 1 January 2005 - 31 December 2005</subfield>
    <subfield code="i">12 (1-12); 2005</subfield>
    <subfield code="l">0</subfield>
    <subfield code="o">PRU</subfield>
    <subfield code="p">BV603</subfield>
    <subfield code="r">2014-01-13</subfield>
    <subfield code="w">2014-01-13</subfield>
    <subfield code="y">BV</subfield>
  </datafield>
  <datafield tag="952" ind1=" " ind2=" ">
    <subfield code="0">0</subfield>
    <subfield code="1">0</subfield>
    <subfield code="4">0</subfield>
    <subfield code="7">0</subfield>
    <subfield code="a">MAIN</subfield>
    <subfield code="b">MAIN</subfield>
    <subfield code="d">2014-01-13</subfield>
    <subfield code="h">13 (1-10); 1 January 2006 - 31 October 2006</subfield>
    <subfield code="i">13 (1-10); 2006</subfield>
    <subfield code="l">0</subfield>
    <subfield code="o">PRU</subfield>
    <subfield code="p">BV604</subfield>
    <subfield code="r">2014-01-13</subfield>
    <subfield code="w">2014-01-13</subfield>
    <subfield code="y">BV</subfield>
  </datafield>
  <datafield tag="952" ind1=" " ind2=" ">
    <subfield code="0">0</subfield>
    <subfield code="1">0</subfield>
    <subfield code="4">0</subfield>
    <subfield code="7">0</subfield>
    <subfield code="a">MAIN</subfield>
    <subfield code="b">MAIN</subfield>
    <subfield code="d">2014-01-13</subfield>
    <subfield code="h">15 (1-12); 1 January 2008 - 31 December 2008</subfield>
    <subfield code="i">15 (1-12); 2008</subfield>
    <subfield code="l">0</subfield>
    <subfield code="o">PRU</subfield>
    <subfield code="p">BV605</subfield>
    <subfield code="r">2014-01-13</subfield>
    <subfield code="w">2014-01-13</subfield>
    <subfield code="y">BV</subfield>
  </datafield>
</record>
